Derecho intercultural / (Registro nro. 28287)

Detalles MARC
000 -LEADER
fixed length control field 00795nam a2200241Ia 4500
003 - CONTROL NUMBER IDENTIFIER
control field CO-CtgCURN
005 - DATE AND TIME OF LATEST TRANSACTION
control field 20250408211634.0
008 - FIXED-LENGTH DATA ELEMENTS--GENERAL INFORMATION
fixed length control field 190722s9999 xx 000 0 und d
020 ## - INTERNATIONAL STANDARD BOOK NUMBER
International Standard Book Number 847432842X
040 ## - CATALOGING SOURCE
Original cataloging agency CO-CtgCURN
Language of cataloging spa
Transcribing agency coctgcurn
082 ## - DEWEY DECIMAL CLASSIFICATION NUMBER
Classification number 341.77
Item number H698d
100 ## - MAIN ENTRY--PERSONAL NAME
Personal name Hoffe, Otfried
245 #0 - TITLE STATEMENT
Title Derecho intercultural /
Statement of responsibility, etc. Otfried Hoffe
260 ## - PUBLICATION, DISTRIBUTION, ETC.
Place of publication, distribution, etc. Barcelona, España :
Name of publisher, distributor, etc. Gedisa,
Date of publication, distribution, etc. 2000
300 ## - PHYSICAL DESCRIPTION
Extent 284 páginas ;
Dimensions 19 centímetros
490 ## - SERIES STATEMENT
Series statement Estudios Alemanes,
521 ## - TARGET AUDIENCE NOTE
Target audience note AREA PROFESIONAL
590 ## - LOCAL NOTE (RLIN)
Local note Programa de Derecho_18
650 ## - SUBJECT ADDED ENTRY--TOPICAL TERM
Topical term or geographic name entry element Derecho internacional público
942 ## - ADDED ENTRY ELEMENTS (KOHA)
Koha item type Libros
Classification part 341.77
Item part H698d
Source of classification or shelving scheme Dewey Decimal Classification
Suppress in OPAC No
Existencias
Withdrawn status Lost status Damaged status Not for loan Collection Home library Current library Shelving location Date acquired Inventory number Total checkouts Full call number Barcode Date last seen Copy number Price effective from Koha item type
          Miguel Henríquez Castañeda Barranquilla Miguel Henríquez Castañeda Barranquilla General 05/23/2018 00874   341.77 H698d 00874 07/22/2019 ej.1 07/22/2019 Libros
          Miguel Henríquez Castañeda Barranquilla Miguel Henríquez Castañeda Barranquilla General 05/23/2018 00875   341.77 H698d 00875 07/22/2019 ej.2 07/22/2019 Libros